=LDR 00000nam 2200000 4500 =001 INLIS000000000004578 =005 20250805090328 =035 ##$$a 0010-0825000007 =007 ta =008 250805###########################0#ind## =020 ##$$a - =082 ##$$a 1.304.660.212 =084 ##$$a 1.304.660.212 UN p =245 1#$$a PROFIL PROGRAM KELUARGA BERENCANA NASIONAL PROPINSI BENGKULU : $b - /$c Universitas Bengkulu dengan BKKBN PROPINSI BENGKULU =250 ##$$a Pertama =260 ##$$a Bengkulu :$b Universitas Bengkulu Dengan BKKBN PROPINSI BENGKULU,$c 1989 =300 ##$$a 99 halaman : $b ilus ; $c 21 cm$e - =110 #$$a Universitas Bengkulu Dengan BKKBN PROPINSI BENGKULU =600 #4$$a Keluarga Berencana =856 ##$$a Perpustakaan BKKBN